000 00276pam a2200133 a 4500
020 _c
041 _aeng
082 _a347.072
_bAPT
100 _aApte Pradeep .
245 _aDonkel draft
_hTextual Documents
260 _aPune:
_bCDRD.
300 _a139 pg .
930 _a4278
999 _c81196
_d81196